| 000 | 00346 a2200157 4500 | ||
|---|---|---|---|
| 001 | 47547 | ||
| 020 | _a978-85-66033-38-0 | ||
| 040 | _cAnchieta - Aquarius | ||
| 100 | _aTorquato, Ana Neila | ||
| 240 | 1 | 0 |
_aPé de moeda _lpor |
| 245 | 1 | 0 | _aPé de moeda |
| 300 | _a20p. | ||
| 362 | 0 | _a2018 | |
| 650 | 4 | _aLiteratura infanto-juvenil | |
| 942 | _cBK | ||
| 999 |
_c47547 _d47547 |
||